Catálogo

Vista normal Vista MARC

Entrada Personal Name

Número de registros utilizados en: 3

001 - CONTROL NUMBER

  • control field: 15325

003 - CONTROL NUMBER IDENTIFIER

  • control field: DLC

005 - DATE AND TIME OF LATEST TRANSACTION

  • control field: 20240202122026.0

008 - FIXED-LENGTH DATA ELEMENTS

  • fixed length control field: 940908n| acannaabn |a aaa

010 ## - LIBRARY OF CONGRESS CONTROL NUMBER

  • LC control number: n 94086304

035 ## - SYSTEM CONTROL NUMBER

  • System control number: (OCoLC)oca03677505

040 ## - CATALOGING SOURCE

  • Original cataloging agency: DLC
  • Language of cataloging: spa
  • Transcribing agency: Mx-PuUPA
  • Modifying agency: OCoLC
  • Modifying agency: Mx-PuUPA
  • Description conventions: rda

046 ## - SPECIAL CODED DATES

  • Birth date: 1960

100 1# - HEADING--PERSONAL NAME

  • Personal name: Fazio Fernández, Mariano,
  • Dates associated with a name: 1960-

374 ## - OCCUPATION

  • Occupation: Autor

375 ## - GENDER

  • Gender: hombre

377 ## - ASSOCIATED LANGUAGE

  • Language code: spa

400 1# - SEE FROM TRACING--PERSONAL NAME

  • Personal name: Fernández, Mariano Fazio,
  • Dates associated with a name: 1960-

670 ## - SOURCE DATA FOUND

  • Source citation: 1492- once aventuras en América, c1992:
  • Information found: t.p. (Mariano Fazio Fernández) t.p. verso (b. Buenos Aires, 1960; Dr.)